Труды Экспертной комиссии по рассмотрению проекта канализации гор. С.-Петербурга, составленного в 1913-1914 г. Городской исполнительной комиссией по сооружению канализации и переустройству водоснабжения гор. С.-Петербурга и объяснения главного инженера Д.П. Рузского и консультанта доктора В.И. Яковлева (Запись № 10160137)

Подробности
000 -МАРКЕР
контрольное поле 01827nam0a22002891 4500
001 - ИДЕНТИФИКАТОР ЗАПИСИ
контрольное поле RU\NLR\19V\936503
005 - ИДЕНТИФИКАТОР ВЕРСИИ
контрольное поле 20260407104339.0
035 ## - ДРУГИЕ СИСТЕМНЫЕ НОМЕРА
Идентификатор записи (NLR Aleph) 010800987
100 ## - ДАННЫЕ ОБЩЕЙ ОБРАБОТКИ
Данные общей обработки 20150710d1914 |||y0rusy50 ca
101 0# - ЯЗЫК РЕСУРСА
Язык текста, звукозаписи и т.д. русский
102 ## - СТРАНА ПУБЛИКАЦИИ ИЛИ ПРОИЗВОДСТВА
Страна публикации Российская Федерация
105 ## - ПОЛЕ КОДИРОВАННЫХ ДАННЫХ: ТЕКСТОВЫЕ МАТЕРИАЛЫ, МОНОГРАФИЧЕСКИЕ
Кодированные данные о монографическом текстовом документе a h |||||
200 1# - ЗАГЛАВИЕ И СВЕДЕНИЯ ОБ ОТВЕТСТВЕННОСТИ
Основное заглавие Труды Экспертной комиссии по рассмотрению проекта канализации гор. С.-Петербурга, составленного в 1913-1914 г. Городской исполнительной комиссией по сооружению канализации и переустройству водоснабжения гор. С.-Петербурга и объяснения главного инженера Д.П. Рузского и консультанта доктора В.И. Яковлева
210 ## - ПУБЛИКАЦИЯ, РАСПРОСТРАНЕНИЕ И ДР.
Место издания, распространения и т.д. С-Петербург
Дата издания, распространения и т.д. 1914
215 ## - ФИЗИЧЕСКАЯ ХАРАКТЕРИСТИКА
Специфическое обозначение материала и объем VIII, 241 с., 3 л. ил.
Размеры 26
620 ## - МЕСТО И ДАТА ПУБЛИКАЦИИ, ИСПОЛНЕНИЯ И Т. Д.
Страна ru
Город Санкт-Петербург
702 #1 - ИМЯ ЛИЦА - ВТОРИЧНАЯ ОТВЕТСТВЕННОСТЬ
Начальный элемент ввода Рузский
Часть имени, кроме начального элемента ввода Д. П.
Даты 1869
Расширение инициалов личного имени Дмитрий Павлович
Код отношения Автор сопроводительного материала
702 #1 - ИМЯ ЛИЦА - ВТОРИЧНАЯ ОТВЕТСТВЕННОСТЬ
Код отношения Автор сопроводительного материала
Графика поля Кириллица
Материалы, к которым относится поле rus
Начальный элемент ввода Яковлев
Часть имени, кроме начального элемента ввода В. И.
Дополнения к именам, кроме дат д-р мед. наук
Даты 1860-1927
Расширение инициалов личного имени Виктор Ильич
Системный номер авторитетной/нормативной записи 228598
Идентификатор авторитетной/нормативной записи RU\NLR\AUTH\770228654
710 02 - НАИМЕНОВАНИЕ ОРГАНИЗАЦИИ - ПЕРВИЧНАЯ ОТВЕТСТВЕННОСТЬ
Начальный элемент ввода Петербургская городская управа
Структурное подразделение Экспертная комиссия по рассмотрению проекта канализации
Идентификатор авторитетной/нормативной записи RU\NLR\AUTH\889992711
Системный номер авторитетной/нормативной записи 481768
711 02 - НАИМЕНОВАНИЕ ОРГАНИЗАЦИИ - АЛЬТЕРНАТИВНАЯ ОТВЕТСТВЕННОСТЬ
Начальный элемент ввода Петербургская городская комиссия по сооружению канализации и переустройству водоснабжения
Идентификатор авторитетной/нормативной записи RU\NLR\AUTH\8810059814
Системный номер авторитетной/нормативной записи 620946
801 #0 - ИСТОЧНИК ЗАПИСИ
Страна Российская Федерация
Организация NLR
Дата составления 20150710
Правила каталогизации psbo
801 #1 - ИСТОЧНИК ЗАПИСИ
Страна Российская Федерация
Организация NLR
Дата составления 20150710
Источник данных rusmarc
852 ## - МЕСТОНАХОЖДЕНИЕ И ШИФР ХРАНЕНИЯ
Идентификатор организации NLR
Шифр хранения (Call Number) 37.47.9.23
942 ## - ДОПОЛНИТЕЛЬНЫЕ ЭЛЕМЕНТЫ ЗАПИСИ (АБИС)
Тип экземпляра АБИС Книга
980 ## - КОЛЛЕКЦИЯ
Название коллекции Национальная библиография

Нет доступных экземпляров.